000 00584nam a22002057a 4500
003 UA-OsUOA
001 101413
007 ta
008 20130617b un ||||| |||| 00| 0 ukr d
090 _a908(477.81)
_bВ67
942 _cBK
040 _aUA-OsUOA
_bukr
_cUA-OsUOA
_dUA-OsUOA
245 _aВолинський іконопис XVII - XVIII ст. ст. в зібранні Острозького музею
300 _a14 с.
955 _a1
041 _aukr
080 _a908(477.81)
260 _aОстрог
_bНаУОА
_c1988
650 7 _a908 Краєзнавство
_2UDC
999 _c388032
_d388032